[Event "ESP-Tch Div Honor"]
[Site "Linares ESP"]
[Date "2014.09.09"]
[Round "6.2"]
[White "Almasi, Zoltan"]
[Black "Hansen, Eric"]
[Result "1/2-1/2"]
[WhiteElo "2694"]
[BlackElo "2593"]
[PlyCount "88"]
[GameId "2130307666608249"]
[EventDate "2014.09.04"]
[EventType "team"]
[EventRounds "7"]
[EventCountry "ESP"]
[SourceTitle "The Week in Chess 1036"]
[Source "Mark Crowther"]
[SourceDate "2014.09.15"]
[SourceVersion "1"]
[SourceVersionDate "2014.09.15"]
[SourceQuality "2"]
[WhiteTeam "MERIDA PATRIMONIO DE LA HUMANIDAD"]
[BlackTeam "EQUIGOMA -  CASA SOCIAL CATOLICA"]

1. e4 c5 2. Nf3 e6 3. d4 cxd4 4. Nxd4 Nc6 5. Nc3 Qc7 6. Be3 a6 7. Qd2 Nf6 8. O-O-O Be7 9. f3 b5 10. g4 Nxd4 11. Bxd4 Bb7 12. g5 Nh5 13. Be5 Qxe5 14. Qxd7+ Kf8 15. Qxb7 Bxg5+ 16. Kb1 Qb8 17. Rd7 Qxb7 18. Rxb7 Bf6 19. a4 Bxc3 20. bxc3 bxa4 21. Bxa6 g5 22. Bb5 Kg7 23. Rg1 h6 24. h4 Rab8 25. Rxb8 Rxb8 26. c4 Kf6 27. hxg5+ hxg5 28. Kb2 Nf4 29. Ka3 Ne2 30. Rg4 Ra8 31. e5+ Kf5 32. c5 Nc3 33. Bd3+ Kxe5 34. Rxg5+ f5 35. Rg6 Rc8 36. Bc4 Nd5 37. Bxd5 Kxd5 38. Kxa4 Rxc5 39. Kb3 Rc6 40. Rg1 Ke5 41. c4 Kd4 42. Rd1+ Ke3 43. Kb4 Kxf3 44. Re1 f4 1/2-1/2

[Event "ESP-Tch Div Honor"]
[Site "Linares ESP"]
[Date "2014.09.10"]
[Round "7.3"]
[White "Hansen, Eric"]
[Black "Oparin, Grigoriy"]
[Result "0-1"]
[WhiteElo "2593"]
[BlackElo "2540"]
[PlyCount "92"]
[GameId "2130307666612375"]
[EventDate "2014.09.04"]
[EventType "team"]
[EventRounds "7"]
[EventCountry "ESP"]
[SourceTitle "The Week in Chess 1036"]
[Source "Mark Crowther"]
[SourceDate "2014.09.15"]
[SourceVersion "1"]
[SourceVersionDate "2014.09.15"]
[SourceQuality "2"]
[WhiteTeam "EQUIGOMA -  CASA SOCIAL CATOLICA"]
[BlackTeam "CLUB MAGIC EXTREMADURA"]

1. e4 c5 2. Nf3 d6 3. Bb5+ Bd7 4. Bxd7+ Nxd7 5. O-O Ngf6 6. Qe2 e6 7. b3 g6 8. Bb2 Bg7 9. d4 cxd4 10. Bxd4 O-O 11. c4 Qa5 12. Rd1 a6 13. Bc3 Qc7 14. Nbd2 Rfd8 15. Rac1 Nc5 16. b4 Na4 17. Bd4 e5 18. Be3 Rac8 19. Bg5 a5 20. b5 h6 21. Bxf6 Bxf6 22. Nf1 Bg7 23. Ne3 Nb6 24. Rc2 h5 25. g3 Bh6 26. Nd5 Nxd5 27. Rxd5 Qb6 28. Ne1 Rc5 29. Rd3 Rdc8 30. Rdc3 R5c7 31. Nd3 Bg7 32. Nb2 f5 33. Na4 Qd4 34. exf5 gxf5 35. Rd3 Qg4 36. Nb6 Rd8 37. Ra3 Qg6 38. Rxa5 f4 39. Nd5 Rf7 40. Ra3 e4 41. Kh1 f3 42. Qd1 h4 43. Re3 Bh6 44. Rd2 Re8 45. Rd4 hxg3 46. fxg3 Re5 0-1

[Event "Olympiad"]
[Site "Tromso NOR"]
[Date "2014.08.03"]
[Round "2.2"]
[White "Hansen, Eric"]
[Black "Sethuraman, SP."]
[Result "1/2-1/2"]
[WhiteElo "2593"]
[BlackElo "2590"]
[PlyCount "81"]
[GameId "2130307667793694"]
[EventDate "2014.08.02"]
[EventType "swiss"]
[EventRounds "11"]
[EventCountry "NOR"]
[SourceTitle "10 Days #408"]
[Source "Chess Mix"]
[SourceDate "2014.08.01"]
[WhiteTeam "Canada"]
[BlackTeam "India"]
[WhiteTeamCountry "CAN"]
[BlackTeamCountry "IND"]

1. e4 e6 2. d4 d5 3. Nc3 Bb4 4. e5 c5 5. a3 Bxc3+ 6. bxc3 Ne7 7. h4 Qa5 8. Bd2 Qa4 9. Qb1 Nbc6 10. Nf3 c4 11. h5 h6 12. Be2 Bd7 13. O-O O-O-O 14. Nh2 Rdf8 15. Ng4 Kb8 16. Bf4 Ka8 17. Ne3 f6 18. exf6 gxf6 19. Bh2 e5 20. Rd1 Be6 21. Bf3 exd4 22. cxd4 c3 23. Bd6 Rc8 24. Bb4 Nf5 25. Nxf5 Bxf5 26. Ra2 Be4 27. Be2 Nb8 28. f3 Bh7 29. Bf1 Qe8 30. Re1 Qxh5 31. Re3 Qh4 32. Qd1 Qf4 33. Qe1 Nc6 34. Bxc3 Nxd4 35. Bxd4 Qxd4 36. c3 Qc5 37. Kh1 Bg6 38. Rd2 Rhe8 39. Rxe8 Rxe8 40. Qg3 Bf7 41. Qg7 1/2-1/2

[Event "Olympiad"]
[Site "Tromso NOR"]
[Date "2014.08.04"]
[Round "3.2"]
[White "Kongsee, Uaychai"]
[Black "Hansen, Eric"]
[Result "0-1"]
[WhiteElo "2251"]
[BlackElo "2593"]
[PlyCount "74"]
[GameId "2130307667834938"]
[EventDate "2014.08.02"]
[EventType "swiss"]
[EventRounds "11"]
[EventCountry "NOR"]
[SourceTitle "10 Days #408"]
[Source "Chess Mix"]
[SourceDate "2014.08.01"]
[WhiteTeam "Thailand"]
[BlackTeam "Canada"]
[WhiteTeamCountry "THA"]
[BlackTeamCountry "CAN"]

1. e4 c5 2. Nf3 e6 3. d4 cxd4 4. Nxd4 Nc6 5. Nc3 Qc7 6. Be3 a6 7. Be2 Nf6 8. O-O Be7 9. f4 d6 10. g4 Nd7 11. Qd2 h6 12. Rad1 Rb8 13. Bf3 Na5 14. b3 b5 15. Nf5 b4 16. Nxg7+ Kf8 17. Bd4 bxc3 18. Bxc3 e5 19. Nf5 Nb7 20. Bg2 Rh7 21. g5 exf4 22. Bg7+ Rxg7 23. Nxg7 hxg5 24. Nf5 Ne5 25. Qe2 Bf6 26. Qxa6 Ng4 27. Nxd6 Nc5 28. Qa3 Be7 29. Nxc8 Rxc8 30. Qb2 Bf6 31. Qa3 Ne3 32. c4 Nxf1 33. Kxf1 g4 34. e5 Qxe5 35. Re1 Qd4 36. Bd5 Bh4 37. Qa7 Qf2# 0-1

[Event "Olympiad"]
[Site "Tromso NOR"]
[Date "2014.08.06"]
[Round "5.2"]
[White "Onischuk, Alexander"]
[Black "Hansen, Eric"]
[Result "1/2-1/2"]
[WhiteElo "2659"]
[BlackElo "2593"]
[PlyCount "97"]
[GameId "2130307667864187"]
[EventDate "2014.08.02"]
[EventType "swiss"]
[EventRounds "11"]
[EventCountry "NOR"]
[SourceTitle "10 Days #408"]
[Source "Chess Mix"]
[SourceDate "2014.08.01"]
[WhiteTeam "United States of America"]
[BlackTeam "Canada"]
[BlackTeamCountry "CAN"]

1. d4 Nf6 2. c4 g6 3. g3 c6 4. Bg2 d5 5. cxd5 cxd5 6. Nf3 Bg7 7. Ne5 Ne4 8. Nd2 Nd7 9. Nxd7 Qxd7 10. Nxe4 dxe4 11. Bxe4 Qxd4 12. Qxd4 Bxd4 13. O-O O-O 14. Rd1 Bg7 15. Bf4 Be6 16. Bxb7 Rad8 17. Bc7 Rxd1+ 18. Rxd1 Bxa2 19. b4 Bc4 20. e4 Be2 21. Rd2 Bf3 22. Rd3 Be2 23. Re3 Bb5 24. e5 Bc6 25. Bxc6 Rc8 26. Bd6 Rxc6 27. Bxe7 Bf8 28. Bxf8 Kxf8 29. Ra3 Rc4 30. Rxa7 Rxb4 31. e6 f5 32. Rxh7 Re4 33. h4 Rxe6 34. h5 gxh5 35. Rxh5 Rf6 36. Rg5 Kf7 37. Kg2 Ke6 38. Kf3 Ke5 39. Ke3 Ra6 40. f4+ Kf6 41. Kf3 Ra3+ 42. Kg2 Ra2+ 43. Kh3 Ra1 44. Rg8 Rh1+ 45. Kg2 Ra1 46. Rb8 Kg6 47. Rb6+ Kg7 48. Rc6 Kf7 49. Rb6 1/2-1/2

[Event "Olympiad"]
[Site "Tromso NOR"]
[Date "2014.08.08"]
[Round "6.2"]
[White "Hansen, Eric"]
[Black "Smirin, Ilia"]
[Result "1-0"]
[WhiteElo "2593"]
[BlackElo "2656"]
[PlyCount "65"]
[GameId "2130307667876731"]
[EventDate "2014.08.02"]
[EventType "swiss"]
[EventRounds "11"]
[EventCountry "NOR"]
[SourceTitle "10 Days #408"]
[Source "Chess Mix"]
[SourceDate "2014.08.01"]
[WhiteTeam "Canada"]
[BlackTeam "Israel"]
[WhiteTeamCountry "CAN"]
[BlackTeamCountry "ISR"]

1. e4 c5 2. Nf3 e6 3. d4 cxd4 4. Nxd4 a6 5. c4 Nf6 6. Nc3 Bb4 7. Qd3 d6 8. Nc2 Ba5 9. b4 Bb6 10. Be2 Nc6 11. Be3 Ne5 12. Qd2 Bxe3 13. Nxe3 Qb6 14. a3 a5 15. b5 Ned7 16. Rd1 Nc5 17. Bf3 Ke7 18. g4 h6 19. h4 Qd8 20. g5 hxg5 21. hxg5 Rxh1+ 22. Bxh1 Ne8 23. e5 a4 24. Ke2 Kf8 25. f4 Bd7 26. Ne4 Nxe4 27. Bxe4 d5 28. Rh1 Qa5 29. Qd4 Rc8 30. Rh8+ Ke7 31. Bxd5 b6 32. f5 exf5 33. g6 1-0

[Event "Olympiad"]
[Site "Tromso NOR"]
[Date "2014.08.11"]
[Round "9.2"]
[White "Hansen, Eric"]
[Black "Fier, Alexandr"]
[Result "0-1"]
[WhiteElo "2593"]
[BlackElo "2570"]
[PlyCount "82"]
[GameId "2130307667914424"]
[EventDate "2014.08.02"]
[EventType "swiss"]
[EventRounds "11"]
[EventCountry "NOR"]
[SourceTitle "10 Days #408"]
[Source "Chess Mix"]
[SourceDate "2014.08.01"]
[WhiteTeam "Canada"]
[BlackTeam "Brazil"]
[WhiteTeamCountry "CAN"]
[BlackTeamCountry "BRA"]

1. e4 c5 2. Nf3 e6 3. d4 cxd4 4. Nxd4 Nc6 5. Nc3 Qc7 6. Be3 a6 7. Qd2 Nf6 8. O-O-O Bb4 9. f3 O-O 10. g4 b5 11. Kb1 Rd8 12. g5 Ne8 13. h4 Bb7 14. a3 Nxd4 15. axb4 Nxf3 16. Qf2 Ne5 17. Bb6 Qb8 18. Bxd8 Qxd8 19. Be2 d6 20. Rhf1 a5 21. Qd4 Nc6 22. Qf2 Qe7 23. Nxb5 axb4 24. Nd4 Ne5 25. Qe3 Qc7 26. Nb3 Rc8 27. Rd2 Qc6 28. Na5 Qxe4 29. Qxe4 Bxe4 30. Rf4 d5 31. Rxe4 dxe4 32. Rd4 Nf3 33. Rxb4 Nd6 34. Rb6 Nf5 35. Nc6 h6 36. gxh6 N3d4 37. Nxd4 Nxd4 38. Ba6 e3 39. hxg7 e2 40. Bxe2 Nxe2 41. Rb4 f5 0-1

[Event "Olympiad"]
[Site "Tromso NOR"]
[Date "2014.08.12"]
[Round "10.2"]
[White "Michiels, Bart"]
[Black "Hansen, Eric"]
[Result "1/2-1/2"]
[WhiteElo "2535"]
[BlackElo "2593"]
[PlyCount "82"]
[GameId "2130307667926995"]
[EventDate "2014.08.02"]
[EventType "swiss"]
[EventRounds "11"]
[EventCountry "NOR"]
[SourceTitle "10 Days #408"]
[Source "Chess Mix"]
[SourceDate "2014.08.01"]
[WhiteTeam "Belgium"]
[BlackTeam "Canada"]
[WhiteTeamCountry "BEL"]
[BlackTeamCountry "CAN"]

1. d4 Nf6 2. c4 g6 3. Nf3 Bg7 4. g3 O-O 5. Bg2 d5 6. cxd5 Nxd5 7. O-O Nc6 8. Nc3 Nb6 9. e3 Re8 10. Re1 a5 11. Qe2 Be6 12. Nd2 Nb4 13. Rd1 c6 14. a3 N4d5 15. Nce4 Bf5 16. Nc5 e5 17. dxe5 Bc2 18. Re1 Qe7 19. Nde4 Bxe4 20. Nxe4 Qxe5 21. Qc2 a4 22. Rb1 Qe7 23. Bd2 Nd7 24. Red1 Ne5 25. Nc5 b5 26. Nd3 Nc4 27. Nb4 Nxb4 28. Bxb4 Qe6 29. Bf1 Ne5 30. Be2 Red8 31. Bc3 h5 32. Rxd8+ Rxd8 33. Rd1 Rxd1+ 34. Qxd1 Qd7 35. Bxe5 Qxd1+ 36. Bxd1 Bxe5 37. Bf3 c5 38. Bc6 Bxb2 39. Bxb5 Bxa3 40. Bxa4 Kg7 41. Bb3 Kf6 1/2-1/2

[Event "Olympiad"]
[Site "Tromso NOR"]
[Date "2014.08.14"]
[Round "11.2"]
[White "Hansen, Eric"]
[Black "Gomez, John Paul"]
[Result "1/2-1/2"]
[WhiteElo "2593"]
[BlackElo "2526"]
[PlyCount "163"]
[GameId "2130307667935447"]
[EventDate "2014.08.02"]
[EventType "swiss"]
[EventRounds "11"]
[EventCountry "NOR"]
[SourceTitle "10 Days #408"]
[Source "Chess Mix"]
[SourceDate "2014.08.01"]
[WhiteTeam "Canada"]
[BlackTeam "Philippines"]
[WhiteTeamCountry "CAN"]
[BlackTeamCountry "PHI"]

1. e4 e5 2. Nf3 Nc6 3. Bb5 Nf6 4. d3 Bc5 5. c3 O-O 6. O-O d6 7. h3 a6 8. Bxc6 bxc6 9. Re1 Re8 10. Be3 Bxe3 11. Rxe3 c5 12. Nbd2 Be6 13. Qc2 Nh5 14. d4 Nf4 15. Kh2 Qf6 16. dxe5 dxe5 17. Nb3 Qe7 18. Na5 f6 19. Rd1 c4 20. Nd2 Qc5 21. Ndxc4 Qf8 22. b3 Qf7 23. Nb2 c5 24. Nac4 Red8 25. Nb6 Rab8 26. Rxd8+ Rxd8 27. c4 f5 28. N6a4 fxe4 29. Qxe4 Nxh3 30. Rxh3 Bxh3 31. Qh4 Rd4 32. Qxh3 Qxf2 33. Nd3 Qf6 34. Qe3 e4 35. Nf2 Qh6+ 36. Qxh6 gxh6 37. Ng4 h5 38. Nh6+ Kh8 39. Nf5 Rd2 40. Nxc5 Rf2 41. Ne3 Re2 42. Nd5 e3 43. a4 a5 44. Kg3 Kg7 45. Ne4 Rb2 46. c5 h4+ 47. Kf3 e2 48. Kf2 e1=Q+ 49. Kxe1 Rxg2 50. Ne3 Rg6 51. Nf5+ Kf8 52. Kf2 h3 53. Nfg3 Ke8 54. Kg1 Kd7 55. Kh2 Rh6 56. Nf5 Re6 57. Nfd6 Rh6 58. Nc4 Re6 59. Ncd6 Rh6 60. Nc4 Re6 61. Ng5 Re2+ 62. Kxh3 Kc6 63. Nxa5+ Kxc5 64. Nc4 Kb4 65. Nf3 Kxb3 66. Nd4+ Kxa4 67. Nxe2 h5 68. Kh4 Kb4 69. Ne3 Kc5 70. Nf5 Kd5 71. Nfg3 Ke5 72. Ng1 Kf4 73. Nh3+ Kf3 74. Nf5 Kg2 75. Nd4 Kf1 76. Ng5 Kf2 77. Nf5 Ke2 78. Nh3 Kf3 79. Kg5 h4 80. Kh5 Ke4 81. Kg4 Ke5 82. Nxh4 1/2-1/2

[Event "Wch-blitz"]
[Site "Dubai UAE"]
[Date "2014.06.19"]
[Round "1.23"]
[White "Iturrizaga Bonelli, Eduardo"]
[Black "Hansen, Eric"]
[Result "1-0"]
[WhiteElo "2653"]
[BlackElo "2584"]
[PlyCount "62"]
[GameId "2130307670142632"]
[EventDate "2014.06.19"]
[EventType "swiss (blitz)"]
[EventRounds "21"]
[EventCountry "UAE"]
[SourceTitle "The Week in Chess 1024"]
[Source "Mark Crowther"]
[SourceDate "2014.06.23"]
[SourceVersion "1"]
[SourceVersionDate "2014.06.23"]
[SourceQuality "2"]

1. Nf3 Nf6 2. c4 c5 3. Nc3 d5 4. cxd5 Nxd5 5. g3 Nc6 6. Bg2 e6 7. O-O Be7 8. d4 O-O 9. e4 Nxc3 10. bxc3 cxd4 11. cxd4 b6 12. d5 exd5 13. exd5 Nb4 14. Nd4 Ba6 15. Re1 Bf6 16. Ba3 Bxd4 17. Qxd4 Nc2 18. Qa4 Nxa3 19. Qxa3 Bc4 20. Rad1 a5 21. d6 Ra7 22. Bc6 h6 23. d7 Be6 24. Qd6 Rc7 25. a4 Ra7 26. Bb5 Rb7 27. Qc6 Rb8 28. Qd6 Qg5 29. f4 Qd8 30. Re5 Bg4 31. Re8 Qf6 1-0

[Event "Wch-blitz"]
[Site "Dubai UAE"]
[Date "2014.06.19"]
[Round "3.32"]
[White "Amin, Bassem"]
[Black "Hansen, Eric"]
[Result "1/2-1/2"]
[WhiteElo "2635"]
[BlackElo "2584"]
[PlyCount "225"]
[GameId "2130307670146842"]
[EventDate "2014.06.19"]
[EventType "swiss (blitz)"]
[EventRounds "21"]
[EventCountry "UAE"]
[SourceTitle "The Week in Chess 1024"]
[Source "Mark Crowther"]
[SourceDate "2014.06.23"]
[SourceVersion "1"]
[SourceVersionDate "2014.06.23"]
[SourceQuality "2"]

1. Nf3 Nf6 2. g3 g6 3. Bg2 Bg7 4. O-O O-O 5. d3 d5 6. Nbd2 Nc6 7. e4 dxe4 8. dxe4 Nd7 9. Re1 Nc5 10. h3 a5 11. a4 h6 12. Qe2 b6 13. Nc4 Ba6 14. Bf1 Qc8 15. Rd1 Qe6 16. e5 Rad8 17. Be3 Rxd1 18. Rxd1 Nxa4 19. Rb1 Rd8 20. c3 Qd5 21. h4 Bxc4 22. Qxc4 Qxf3 23. Qxa4 Nxe5 24. Bg2 Qe2 25. Qe4 e6 26. Bf1 Qf3 27. Qxf3 Nxf3+ 28. Kg2 Ne5 29. Be2 h5 30. Bg5 Rd6 31. Bf4 Rd5 32. Rd1 Rxd1 33. Bxd1 Kf8 34. Bg5 Nc4 35. Bc1 b5 36. Be2 a4 37. Kf3 Nd6 38. Bf4 e5 39. Bg5 f6 40. Bc1 Ke7 41. Bd3 f5 42. Bg5+ Ke6 43. Ke2 e4 44. Bb1 c5 45. Ba2+ c4 46. Be3 Kd5 47. Kd2 Nb7 48. Bb1 Nc5 49. Bxc5 Kxc5 50. Bc2 Bh6+ 51. Kd1 e3 52. f3 Bg7 53. Ke2 a3 54. bxa3 Bxc3 55. Kxe3 Bb2 56. a4 Bc1+ 57. Ke2 b4 58. g4 b3 59. Bb1 fxg4 60. fxg4 hxg4 61. Bxg6 Bh6 62. Bf7 Kb4 63. a5 c3 64. a6 c2 65. a7 c1=Q 66. a8=Q Qe3+ 67. Kf1 Qf4+ 68. Kg2 Qxf7 69. Qe4+ Qc4 70. Qe7+ Qc5 71. Qe4+ Ka3 72. Qa8+ Kb2 73. Qh8+ Qc3 74. Qxh6 Qf3+ 75. Kg1 Qd1+ 76. Kf2 Qf3+ 77. Kg1 Kc2 78. Qg6+ Qd3 79. Qc6+ Kd1 80. Qa4 Ke1 81. Qb4+ Kd1 82. Qxg4+ Kc2 83. Qa4 Kc1 84. Qa3+ Kc2 85. Qa4 Qg3+ 86. Kf1 Qf3+ 87. Kg1 Qd1+ 88. Kf2 Kc1 89. Qa1+ Kd2 90. Qd4+ Kc2 91. Qc4+ Kb1 92. Qb4 Qc2+ 93. Ke3 b2 94. h5 Qc1+ 95. Ke4 Qc2+ 96. Kf4 Kc1 97. Qe1+ Qd1 98. Qc3+ Kb1 99. Qb4 Qxh5 100. Qe1+ Ka2 101. Qe6+ Ka3 102. Qe3+ Kb4 103. Qd4+ Kb3 104. Qd3+ Ka2 105. Qc4+ Ka1 106. Qa4+ Kb1 107. Qe4+ Kc1 108. Qc4+ Kd2 109. Qd4+ Kc2 110. Qc4+ Kb1 111. Qd3+ Ka2 112. Qc4+ Ka3 113. Qc3+ 1/2-1/2

[Event "Wch-blitz"]
[Site "Dubai UAE"]
[Date "2014.06.19"]
[Round "4.35"]
[White "Hansen, Eric"]
[Black "Guseinov, Gadir"]
[Result "0-1"]
[WhiteElo "2584"]
[BlackElo "2613"]
[PlyCount "50"]
[GameId "2130307670150992"]
[EventDate "2014.06.19"]
[EventType "swiss (blitz)"]
[EventRounds "21"]
[EventCountry "UAE"]
[SourceTitle "The Week in Chess 1024"]
[Source "Mark Crowther"]
[SourceDate "2014.06.23"]
[SourceVersion "1"]
[SourceVersionDate "2014.06.23"]
[SourceQuality "2"]

1. e4 c5 2. Nf3 g6 3. c4 Nc6 4. d4 cxd4 5. Nxd4 Nf6 6. Nc3 Nxd4 7. Qxd4 d6 8. Bg5 Bg7 9. Qd2 O-O 10. Be2 Be6 11. Rc1 Qa5 12. b3 a6 13. Nd5 Qxd2+ 14. Bxd2 Nxe4 15. Nxe7+ Kh8 16. Be3 Rfe8 17. Nd5 Bxd5 18. cxd5 Nc3 19. Kd2 Rac8 20. Bf3 Nxa2 21. Rc4 b5 22. Rc6 Nb4 23. Rxd6 Rc2+ 24. Kd1 Rb2 25. Re1 Rc8 0-1

[Event "Wch-blitz"]
[Site "Dubai UAE"]
[Date "2014.06.19"]
[Round "5.42"]
[White "Matlakov, Maksim"]
[Black "Hansen, Eric"]
[Result "0-1"]
[WhiteElo "2689"]
[BlackElo "2584"]
[PlyCount "106"]
[GameId "2130307670155146"]
[EventDate "2014.06.19"]
[EventType "swiss (blitz)"]
[EventRounds "21"]
[EventCountry "UAE"]
[SourceTitle "The Week in Chess 1024"]
[Source "Mark Crowther"]
[SourceDate "2014.06.23"]
[SourceVersion "1"]
[SourceVersionDate "2014.06.23"]
[SourceQuality "2"]

1. c4 Nf6 2. Nc3 d5 3. cxd5 Nxd5 4. Nf3 g6 5. d4 Bg7 6. e4 Nxc3 7. bxc3 c5 8. Be3 Qa5 9. Qd2 cxd4 10. cxd4 Nc6 11. Rb1 O-O 12. Qxa5 Nxa5 13. Bd3 Rd8 14. Ke2 Bg4 15. d5 e6 16. Bg5 f6 17. Bd2 b6 18. Bxa5 bxa5 19. Bc4 Rac8 20. Rhc1 exd5 21. Bxd5+ Kh8 22. h3 Bd7 23. Rxc8 Bxc8 24. Ke3 Bf8 25. Rb5 Bb4 26. Rb8 Bd6 27. Ra8 Bc5+ 28. Nd4 Bb6 29. Kd3 Ba6+ 30. Kc3 Rxa8 31. Bxa8 Bf1 32. g3 Bxh3 33. f4 Kg7 34. Bd5 h5 35. Kd3 Bf1+ 36. Kc3 Kf8 37. Ne6+ Ke7 38. Nd4 Ba6 39. Nf3 Bf2 40. Nh4 Bxg3 41. Nxg6+ Kd6 42. Ba8 Ke6 43. Kd4 Bf2+ 44. Kc3 h4 45. e5 h3 46. exf6 Kxf6 47. Ne5 Be1+ 48. Kd4 Bf1 49. Bh1 Bg2 50. Bxg2 hxg2 51. Nf3 Bf2+ 52. Kc4 Kf5 53. Kb5 Kxf4 0-1

[Event "Wch-blitz"]
[Site "Dubai UAE"]
[Date "2014.06.19"]
[Round "6.34"]
[White "Hansen, Eric"]
[Black "Laznicka, Viktor"]
[Result "0-1"]
[WhiteElo "2584"]
[BlackElo "2679"]
[PlyCount "82"]
[GameId "2130307670159284"]
[EventDate "2014.06.19"]
[EventType "swiss (blitz)"]
[EventRounds "21"]
[EventCountry "UAE"]
[SourceTitle "The Week in Chess 1024"]
[Source "Mark Crowther"]
[SourceDate "2014.06.23"]
[SourceVersion "1"]
[SourceVersionDate "2014.06.23"]
[SourceQuality "2"]

1. e4 c6 2. d4 d5 3. e5 Bf5 4. h4 h5 5. c4 e6 6. Nc3 Ne7 7. Bg5 Qb6 8. Qd2 dxc4 9. Bxc4 Nd7 10. Nge2 O-O-O 11. Ng3 Nxe5 12. Bxe7 Bxe7 13. Nxf5 exf5 14. Be2 Qxd4 15. Qc2 Nd3+ 16. Bxd3 Qxd3 17. Qxd3 Rxd3 18. Ke2 Rhd8 19. Rad1 Rxd1 20. Nxd1 Rd4 21. g3 f4 22. Rf1 Bd6 23. Nc3 fxg3 24. fxg3 Bxg3 25. Rxf7 g6 26. Rg7 Rg4 27. Kf3 Be5 28. Rg8+ Kc7 29. Ne4 Bxb2 30. Nf2 Rxh4 31. Rxg6 Ra4 32. Rh6 Rxa2 33. Rxh5 Ra3+ 34. Ke2 Bd4 35. Nd3 b5 36. Rh7+ Kb6 37. Rh6 a5 38. Nf4 b4 39. Nd5+ Kc5 40. Nc7 b3 41. Ne6+ Kd5 0-1

[Event "Wch-blitz"]
[Site "Dubai UAE"]
[Date "2014.06.19"]
[Round "7.37"]
[White "Riazantsev, Alexander"]
[Black "Hansen, Eric"]
[Result "1-0"]
[WhiteElo "2692"]
[BlackElo "2584"]
[PlyCount "85"]
[GameId "2130307670159337"]
[EventDate "2014.06.19"]
[EventType "swiss (blitz)"]
[EventRounds "21"]
[EventCountry "UAE"]
[SourceTitle "The Week in Chess 1024"]
[Source "Mark Crowther"]
[SourceDate "2014.06.23"]
[SourceVersion "1"]
[SourceVersionDate "2014.06.23"]
[SourceQuality "2"]

1. d4 Nf6 2. c4 g6 3. Nc3 d5 4. Bf4 Bg7 5. e3 c5 6. dxc5 Qa5 7. Rc1 dxc4 8. Bxc4 O-O 9. Nge2 Nc6 10. Qb3 Nd7 11. Qb5 Nxc5 12. O-O a6 13. Qxa5 Nxa5 14. Nd5 Bxb2 15. Rc2 Bf5 16. Nxe7+ Kg7 17. Nxf5+ gxf5 18. Bxf7 Rxf7 19. Rxc5 Nc6 20. Rb1 Rd8 21. Ng3 Ba3 22. Rxf5 b5 23. h4 Rxf5 24. Nxf5+ Kg6 25. e4 Rd3 26. g4 h5 27. gxh5+ Kxh5 28. Kg2 Nb4 29. Bd6 a5 30. e5 Kg6 31. Ne7+ Kf7 32. h5 Rd4 33. h6 Rg4+ 34. Kf3 Rh4 35. Nf5 Rh5 36. Kg4 Kg6 37. Ne7+ Kxh6 38. Nf5+ Kg6 39. Nh4+ Rxh4+ 40. Kxh4 Kf5 41. Rb3 Bc1 42. Bxb4 axb4 43. Rxb4 1-0

[Event "Wch-blitz"]
[Site "Dubai UAE"]
[Date "2014.06.19"]
[Round "10.46"]
[White "Hansen, Eric"]
[Black "Glek, Igor"]
[Result "0-1"]
[WhiteElo "2584"]
[BlackElo "2438"]
[PlyCount "80"]
[GameId "2130307670163586"]
[EventDate "2014.06.19"]
[EventType "swiss (blitz)"]
[EventRounds "21"]
[EventCountry "UAE"]
[SourceTitle "The Week in Chess 1024"]
[Source "Mark Crowther"]
[SourceDate "2014.06.23"]
[SourceVersion "1"]
[SourceVersionDate "2014.06.23"]
[SourceQuality "2"]

1. d4 f5 2. Nc3 Nf6 3. Bg5 d5 4. Bxf6 exf6 5. e3 Be6 6. Bd3 Nc6 7. Qf3 Qd7 8. a3 Ne7 9. Nge2 c6 10. Nf4 Bf7 11. h3 h5 12. Qd1 Nc8 13. Be2 g6 14. Nd3 Nd6 15. Nc5 Qc7 16. Qd2 Ne4 17. N3xe4 fxe4 18. Qc3 a5 19. Nb3 Bd6 20. Rf1 h4 21. f3 f5 22. fxe4 fxe4 23. Bg4 b6 24. Ke2 O-O 25. Rf6 Kg7 26. Raf1 Bg8 27. Rxf8 Rxf8 28. Qe1 Rxf1 29. Qxf1 c5 30. c3 Bf7 31. Kd1 Be8 32. Kc1 a4 33. Nd2 cxd4 34. exd4 Bf4 35. Kc2 g5 36. Qe2 Bg6 37. Kd1 e3 38. Nf3 Qe7 39. Ne1 Qe4 40. Qb5 e2+ 0-1

[Event "Wch-blitz"]
[Site "Dubai UAE"]
[Date "2014.06.19"]
[Round "11.50"]
[White "Maletin, Pavel"]
[Black "Hansen, Eric"]
[Result "1-0"]
[WhiteElo "2588"]
[BlackElo "2584"]
[PlyCount "115"]
[GameId "2130307670167736"]
[EventDate "2014.06.19"]
[EventType "swiss (blitz)"]
[EventRounds "21"]
[EventCountry "UAE"]
[SourceTitle "The Week in Chess 1024"]
[Source "Mark Crowther"]
[SourceDate "2014.06.23"]
[SourceVersion "1"]
[SourceVersionDate "2014.06.23"]
[SourceQuality "2"]

1. c4 Nf6 2. g3 c6 3. Bg2 d5 4. Nf3 g6 5. b3 Bg7 6. Bb2 O-O 7. d3 a5 8. Nbd2 Bg4 9. a3 Nbd7 10. O-O Qb8 11. Rc1 e6 12. h3 Bxf3 13. Nxf3 Ne8 14. d4 a4 15. b4 Nd6 16. Nd2 b5 17. cxd5 cxd5 18. e4 Nc4 19. Nxc4 dxc4 20. Bc3 Ra7 21. Qe2 Nb6 22. Rfd1 Rd8 23. Qe3 Rad7 24. Rd2 Nc8 25. Rcd1 Ne7 26. h4 Qa7 27. h5 e5 28. d5 Qxe3 29. fxe3 Rd6 30. hxg6 hxg6 31. g4 f6 32. g5 f5 33. exf5 gxf5 34. e4 Rg6 35. d6 Nc6 36. Rd5 Rxg5 37. Rxb5 Nd4 38. Bxd4 exd4 39. e5 f4 40. Kf1 Rxe5 41. Bd5+ Kf8 42. Rxd4 Rxd6 43. Rxf4+ Rf6 44. Rb8+ Ke7 45. Rb7+ Kd8 46. Rxf6 Bxf6 47. Bxc4 Re3 48. b5 Rxa3 49. b6 Be5 50. Ra7 Ra1+ 51. Ke2 a3 52. Ra8+ Ke7 53. b7 Rb1 54. Bd5 Rb5 55. Bc6 Rb2+ 56. Kd3 a2 57. Bd5 Rxb7 58. Ke4 1-0

[Event "Wch-blitz"]
[Site "Dubai UAE"]
[Date "2014.06.20"]
[Round "13.47"]
[White "Nezad, Husein Aziz"]
[Black "Hansen, Eric"]
[Result "0-1"]
[WhiteElo "2365"]
[BlackElo "2584"]
[PlyCount "58"]
[GameId "2130307670176025"]
[EventDate "2014.06.19"]
[EventType "swiss (blitz)"]
[EventRounds "21"]
[EventCountry "UAE"]
[SourceTitle "The Week in Chess 1024"]
[Source "Mark Crowther"]
[SourceDate "2014.06.23"]
[SourceVersion "1"]
[SourceVersionDate "2014.06.23"]
[SourceQuality "2"]

1. d4 Nf6 2. c4 g6 3. Nc3 d5 4. e3 Bg7 5. Nf3 O-O 6. cxd5 Nxd5 7. Bc4 Nxc3 8. bxc3 c5 9. O-O Qc7 10. Qe2 b6 11. a4 Nc6 12. Ba3 Bb7 13. Rfc1 Na5 14. Ba2 Rfd8 15. e4 e6 16. Rab1 Bc6 17. dxc5 Bxa4 18. cxb6 axb6 19. Nd4 Nb7 20. g3 Nc5 21. Bb4 Qe5 22. Bc4 Qxe4 23. Qf1 Bxd4 24. cxd4 Bc6 25. f3 Qxd4+ 26. Qf2 Bxf3 27. Bc3 Qxf2+ 28. Kxf2 Bd5 29. Bf6 Ne4+ 0-1